| 000 | 01297nam a2200349Ia 4500 | ||
|---|---|---|---|
| 001 | ebr10240610 | ||
| 003 | CaPaEBR | ||
| 006 | m u | ||
| 007 | cr cn||||||||| | ||
| 008 | 020320s2008 njuab s 001 0 eng d | ||
| 020 | _z9781588436405 | ||
| 020 | _z9781588436740 | ||
| 040 |
_aCaPaEBR _cCaPaEBR |
||
| 035 | _a(OCoLC)560622929 | ||
| 050 | 1 | 4 |
_aF2048.5 _b.P37 2008eb |
| 100 | 1 | _aPermenter, Paris. | |
| 245 | 1 | 0 |
_aAdventure guide to the Cayman Islands _h[electronic resource] / _cParis Permenter & John Bigley. |
| 246 | 3 | _aCayman Islands adventure guide | |
| 250 | _a3rd ed. | ||
| 260 |
_aEdison, N.J. : _bHunter, _cc2008. |
||
| 300 |
_avii, 304 p. : _bill., maps. |
||
| 490 | 1 | _aHunter travel guides | |
| 500 | _aIncludes index. | ||
| 533 |
_aElectronic reproduction. _bPalo Alto, Calif. : _cebrary, _d2009. _nAvailable via World Wide Web. _nAccess may be limited to ebrary affiliated libraries. |
||
| 650 | 0 |
_aAdventure travel _zCayman Islands _vGuidebooks. |
|
| 651 | 0 |
_aCayman Islands _vGuidebooks. |
|
| 655 | 7 |
_aElectronic books. _2local |
|
| 700 | 1 | _aBigley, John. | |
| 710 | 2 | _aebrary, Inc. | |
| 830 | 0 | _aHunter travel guides. | |
| 856 | 4 | 0 |
_uhttp://site.ebrary.com/lib/rucke/Doc?id=10240610 _zAn electronic book accessible through the World Wide Web; click to view |
| 999 |
_c150772 _d150772 |
||